Simetría /

De la simetría en el espejo a la simetría en la naturaleza, pasando por la simetría en las figuras planas. Una secuencia didáctica: la simetría en el triángulo equilátero y en los demás triángulos, en los cuadriláteros, en los polígonos regulares e irregulares, en círculos, en hexágonos, en elemento...

Descripción completa

Guardado en:
Autor Principal: Guzmán, Oski
Autor Corporativo: Canal Encuentro.
Formato: Deslizar
Publicado: Argentina, 2009
Series:Horizontes Matemática - Capítulo 11
Materias:
Acceso en línea:https://www.educ.ar/recursos/50797/simetria
Etiquetas: Agregar Etiqueta
Sin Etiquetas, Sea el primero en etiquetar este registro!
LEADER 01296ngm a22003015g 4500
001 CEM.cems023567
008 130507s2009##################0###0#####d
005 20250605172204.0
245 1 0 |a Simetría /  |c Oski Guzmán. 
260 |a Argentina,  |c 2009 
300 |a 28'. 
490 0 |a Horizontes Matemática - Capítulo 11 
500 |a Consultar en ventanilla. 
520 |a De la simetría en el espejo a la simetría en la naturaleza, pasando por la simetría en las figuras planas. Una secuencia didáctica: la simetría en el triángulo equilátero y en los demás triángulos, en los cuadriláteros, en los polígonos regulares e irregulares, en círculos, en hexágonos, en elementos de la arquitectura, el arte y las artesanías y, por último, reconocimiento de la simetría en la naturaleza. 
538 |a Soporte: DVD - Color: Si - Grabación DRD 
100 1 |a Guzmán, Oski 
710 2 |a Canal Encuentro. 
082 5 1 |/ GUZ 
653 |a MATEMATICA 
653 |a SIMETRIA 
653 |a GEOMETRIA 
653 |a FIGURAS GEOMETRICAS 
653 |a TRIANGULOS 
653 |a CUADRILATEROS 
653 |a SERIE DE TELEVISIÓN 
653 |a DOCUMENTAL 
856 |u https://www.educ.ar/recursos/50797/simetria 
859 |a CEMS  |b BIB. CEMS - Depto. Recursos Didacticos  |h 519  |i GUZ  |k DRD  |p 2210.15  |t Ej.1